Reforming the Rajya Sabha (Record no. 510785)

000 -LEADER
fixed length control field 00403nam a2200157 4500
008 - FIXED-LENGTH DATA ELEMENTS--GENERAL INFORMATION
fixed length control field 190830b ||||| |||| 00| 0 eng d
100 ## - MAIN ENTRY--PERSONAL NAME
Personal name Saxena, Rekha
245 ## - TITLE STATEMENT
Title Reforming the Rajya Sabha
260 ## - PUBLICATION, DISTRIBUTION, ETC. (IMPRINT)
Date of publication, distribution, etc 2019
300 ## - PHYSICAL DESCRIPTION
Extent p.53-58.
650 ## - SUBJECT ADDED ENTRY--TOPICAL TERM
Topical term or geographic name as entry element Rajya Sabha
9 (RLIN) 9322
650 ## - SUBJECT ADDED ENTRY--TOPICAL TERM
Topical term or geographic name as entry element Parliamentary system - India
9 (RLIN) 9323
773 ## - HOST ITEM ENTRY
Main entry heading Seminar
906 ## - LOCAL DATA ELEMENT F, LDF (RLIN)
Subject DIP Parliament - India
942 ## - ADDED ENTRY ELEMENTS (KOHA)
Source of classification or shelving scheme
Item type Articles
Holdings
Withdrawn status Lost status Source of classification or shelving scheme Damaged status Not for loan Permanent location Current location Date acquired Serial Enumeration / chronology Barcode Date last seen Koha item type
          Indian Institute of Public Administration Indian Institute of Public Administration 2019-08-30 717, May, 2019: p.53-58. AR120652 2019-08-30 Articles

Powered by Koha